02599nam a22002537a 450000500170000001000150001702000260003202000230005803500130008103700130009408200130010710000170012024501120013726000440024927000460029330000250033950512160036452006060158065000430218665000220222965000560225170000190230770000190232620140502102619.0 aENG-109660 c750.00a9789339203986 c750.00a9339203984 aEN-93193 bDBAD/PUB a004.6782 aNew,Michael 00aOracle Enterprise Manager Cloud Control 12c deep dive /cby Michael New, Edward Whalen [and] Matthew Burke aNew DelhibMcGraw Hill Education c2014 aP-24, Green Park Extn.bNew Delhie110016 axxv,607p.c24cm(pbk) aMachine generated contents note: Introduction and Front Matter -- Part I: Implementing and Maintaining 11g Grid Control -- 1. Overview of New 11g GC Architecture -- 2. GC Prerequisites and Preinstallation of Database and WebLogic -- 3. GC Installation and Post Installation -- 4. Installing Management Agents -- 5. GC Console Configuration -- 6. Securing Enterprise Manager and Configuring for Firewalls -- 7. Maintaining GC -- Part II: GC for Database, System, Storage and Middleware Administrators -- 8. DBAs: Manage Databases with GC -- 9. System and Storage Admins: Manage Hosts and Storage with GC -- 10. Middleware Admins: Manage Middleware with GC -- Part III: Notable Management Packs and System Monitoring Plug-ins -- 11. Overview of all Management Packs and Plug-ins -- 12. Provisioning and Patch Automation Pack -- 13. Oracle VM Management Pack -- 14. SOA and Middleware Packs -- Part IV: Administering Oracle E-Business Suite with Management Packs and Accelerators -- 15. Application Management Suite for Oracle E-Business Suite -- 16. Application Testing Suite and Oracle Real Application Testing and Accelerator for EBS -- 17. Real User Experience Insight (RUEI) and the Accelerator for Oracle EBS a"Achieve peak database efficiency and derive unprecedented value from your corporate assets by implementing an end-to-end cloud computing solution. Oracle Enterprise Manager Cloud Control 12c Deep Dive thoroughly explains best practices for deployment, administration, and monitoring. Discover how to prepare and install Oracle Enterprise Manager Cloud Control 12c, use agents, apply system-wide patches, perform real-time diagnostics, and provision hosts, databases, and middleware. Security, plug-ins, and virtualization are also fully covered in this Oracle Press guide"-- |c Provided by publisher. aComputational grids (Computer systems) a Cloud computing. aCOMPUTERS / Database Management / Data Warehousing. aWhalen, Edward aBurke, Matthew